|
|
|
|
| LEADER |
00000nbm0a2200000 4500 |
| 001 |
127259 |
| 005 |
20231031132141.0 |
| 035 |
|
|
|a (RuTPU)RU\TPU\book\137662
|
| 090 |
|
|
|a 127259
|
| 100 |
|
|
|a 20071212d1974 k y0rusy50 ca
|
| 101 |
0 |
|
|a rus
|
| 102 |
|
|
|a RU
|
| 105 |
|
|
|a a m 001zy
|
| 200 |
1 |
|
|a Исследование адаптивных систем управления методом структурного цифрового моделирования
|e Диссертация на соискание ученой степени кандидата технических наук
|e Спец. 05.13.14
|f А. В. Колесников
|g Иркутский политехнический институт (ИрПИ) ; науч. рук. В. М. Аршинский , А. Н. Харитонов ; науч. конс. Нгуен Тхук Лоан
|
| 210 |
|
|
|a Иркутск
|d 1974
|
| 215 |
|
|
|a 215 л.
|c ил.
|
| 320 |
|
|
|a Библиогр.: с. 175-186 (132 назв.)
|
| 610 |
1 |
|
|a диссертации
|
| 610 |
1 |
|
|a автоматическое управление
|
| 610 |
1 |
|
|a регулирование
|
| 610 |
1 |
|
|a адаптивные системы
|
| 610 |
1 |
|
|a цифровое моделирование
|
| 610 |
1 |
|
|a технологические объекты
|
| 610 |
1 |
|
|a самонастраивающиеся модели
|
| 610 |
1 |
|
|a чувствительность
|
| 686 |
|
|
|a 05.13.14
|2 oksvnk
|
| 700 |
|
1 |
|a Колесников
|b А. В.
|
| 702 |
|
1 |
|a Аршинский
|b В. М.
|4 727
|
| 702 |
|
1 |
|a Харитонов
|b А. Н.
|4 727
|
| 702 |
|
1 |
|a Нгуен Тхук Лоан
|4 695
|
| 712 |
0 |
2 |
|a Иркутский политехнический институт (ИрПИ)
|c (1960-1993)
|2 stltpush
|3 (RuTPU)RU\TPU\col\233
|
| 801 |
|
1 |
|a RU
|b 63413507
|c 20071212
|g PSBO
|
| 942 |
|
|
|c BK
|